000 00299nam a22001337a 4500
008 170529b xxu||||| |||| 00| 0 eng d
020 _a0070354766
041 _aeng
080 _a621.36
100 _a26
101 _aIM
245 _aPRINCIPLES OF SOLAR ENGINEERING
_cKREITH, F
942 _2udc
_cBK
999 _c14894
_d14894